000 00478nam a2200181Ia 4500
001 25128
005 20260414151129.0
008 260414t1987||||xx |||||||||||||| ||spa||
041 _aESP
082 _a346.2
_bC78 T. 2 1987
100 _aCornejo Chávez, Héctor
_eAUT
245 0 _aDerecho familiar peruano :
_bsociedad paterno filial, amparo familiar del incapaz
260 _c1987
300 _a
_c23 cm.
650 _aDER
654 _aCDE
942 _cLIB
_dJUS
_fJUS
_2ddc
_n
999 _c25128
_d25128